000 00611nam a2200217 a 4500
001 BRCA_6674
005 20190320205541.0
008 121011s1888----gw-a######---#000-0#ger-#
041 _ager
044 _agw
050 4 _aQB43
_b.K54 1888
100 1 _aKlein, Hermann J.
_d1844-1914
_q(Hermann Joseph)
_916701
245 1 0 _aFührer am Sternenhimmel für freunde astronomischer Beobachtungen
_cvon Hermann J. Klein.
250 _a2
260 _aLeipzig, Alemania
_bE. H. Mayer
_c[1888]
300 _a431 p.
_bil.
_c19 cm.
500 _aL194
650 1 4 _aAstronomía
_97908
902 _aGFM
942 _2lcc
_cB
999 _c6358
_d6358